[Event "4th Brno Open 2013"]
[Site "Brno CZE"]
[Date "2013.11.21"]
[Round "7.21"]
[White "Kreyssig,Bruno"]
[Black "Oglaza,Oskar"]
[Result "1-0"]
[WhiteElo "1837"]
[BlackElo "1572"]

1.e4 c5 2.Nf3 Nc6 3.d4 cxd4 4.Nxd4 Qb6 5.Nb3 Nf6 6.Nc3 e6 7.Be3 Qc7 8.a3 a6
9.Be2 d6 10.f4 b5 11.g4 Bb7 12.g5 Nd7 13.Qd2 Rc8 14.h4 Na5 15.Nxa5 Qxa5 16.Bf3 Qc7
17.h5 Nb6 18.Bxb6 Qxb6 19.O-O-O Bc6 20.Rhe1 b4 21.Nd5 Bxd5 22.exd5 bxa3 23.bxa3 Qc5
24.Qd3 Qa5 25.dxe6 Rc3 26.exf7+ Kd8 27.Re8+ Kc7 28.Qd4 Qxa3+ 29.Kb1 Rc5 30.Rd3 Rb5+
31.Rb3 Rxb3+ 32.cxb3 Qxb3+ 33.Qb2 Qxb2+ 34.Kxb2 h6 35.g6 Kb6 36.Kb3 Kb5 37.Rb8+ Ka5
38.Kc4 Ka4 39.Bc6+ Ka3 40.Kc3 d5 41.Bxd5 a5 42.Rb3+ Ka2 43.Rb2+ Ka1 44.Kc2  1-0

[Event "4th Brno Open 2013"]
[Site "Brno CZE"]
[Date "2013.11.22"]
[Round "8.14"]
[White "Kucera,Jan"]
[Black "Pultorak,Jan"]
[Result "1/2-1/2"]
[WhiteElo "1844"]
[BlackElo "1908"]

1.e4 c5 2.Nf3 Nc6 3.d4 cxd4 4.Nxd4 Qb6 5.Nb3 Nf6 6.Nc3 e6 7.Be3 Qc7 8.Nb5 Qb8
9.f3 a6 10.N5d4 Be7 11.Qd2 O-O 12.Be2 Qc7 13.O-O Rd8 14.Rad1 b5 15.Kh1 Bb7
16.c3 d5 17.Nxc6 Bxc6 18.e5 Qxe5 19.Bf4 Qh5 20.g4 Qh3 21.Rg1 h6 22.Nd4 Bb7
23.Bg3 Ne4 24.fxe4 dxe4 25.Qe1 e5 26.Bf1 e3+ 27.Bg2 Bxg2+ 28.Rxg2 exd4 29.cxd4 Rd5
30.Qxe3 Qxg4 31.Rf1 Bg5 32.Bf4 Bxf4 33.Rxf4 Qd7 34.Re4 Rg5 35.Rxg5 hxg5 36.Qxg5 f6
37.Qe3 Rc8 38.Kg1 Qf7 39.a3 Qg6+ 40.Kf1 Qf5+ 41.Kg1 Qg6+ 42.Kf1 Qf5+ 43.Kg1 Rc2
44.Qb3+ Rc4 45.Qe3 Qg6+  1/2-1/2

[Event "2nd Hyderabad GM Open 2013"]
[Site "Hyderabad IND"]
[Date "2013.11.25"]
[Round "2.3"]
[White "Mas,H"]
[Black "Vidit,S"]
[Result "0-1"]
[WhiteElo "2350"]
[BlackElo "2582"]

1.e4 c5 2.Nf3 Nc6 3.d4 cxd4 4.Nxd4 Qb6 5.Nb3 Nf6 6.Nc3 e6 7.Bg5 Be7 8.Qe2 d6
9.O-O-O O-O 10.f4 Rd8 11.Kb1 a6 12.g4 Qc7 13.Bg2 Bd7 14.Rd3 b5 15.Bxf6 Bxf6
16.g5 Be7 17.Rh3 b4 18.Qh5 h6 19.Ne2 Rac8 20.Rg3 g6 21.Qxh6 Bf8 22.Qh4 Bg7
23.Rh3 Na5 24.Nbd4 Qc5 25.Rc1 Nc4 26.Qh7+ Kf8 27.Rd3 a5 28.Bh3 Re8 29.f5 exf5
30.exf5 gxf5 31.Nb3 Qe5 32.Ned4 a4 33.Nd2 Nxd2+ 34.Rxd2 Rc4 35.c3 bxc3 36.bxc3 Rb8+
37.Kc2 Rxc3+  0-1

[Event "XXVII Belgrade Trophy"]
[Site "Obrenovac SRB"]
[Date "2013.11.30"]
[Round "7.22"]
[White "Ivic,Velimir"]
[Black "Garic,R"]
[Result "0-1"]
[WhiteElo "1896"]
[BlackElo "2246"]

1.e4 c5 2.Nf3 Nc6 3.d4 cxd4 4.Nxd4 Qc7 5.c4 Nf6 6.Nc3 Nxe4 7.Nxe4 Qe5 8.Be3 Qxe4
9.Nb5 Qe5 10.Qd2 a6 11.f4 Qb8 12.Nc3 e6 13.O-O-O Be7 14.Na4 b5 15.Nb6 bxc4
16.Nxa8 Qxa8 17.Bxc4 O-O 18.Kb1 d5 19.Be2 Bf6 20.Bc5 Rd8 21.g4 g6 22.g5 Bg7
23.h4 e5 24.fxe5 Bxe5 25.Bd3 Bg4 26.Rdg1 Be6 27.h5 Rb8 28.b3 Qb7 29.Qc2 Nb4
30.Bxb4 Qxb4 31.hxg6 Qd4 32.gxh7+ Kh8 33.Kc1 Rc8 34.g6 Qxd3  0-1

[Event "TCh-CZE Extraliga 2013-14"]
[Site "Frydek-Mistek CZE"]
[Date "2013.12.01"]
[Round "4.1"]
[White "Danin,A"]
[Black "Azarov,S"]
[Result "1/2-1/2"]
[WhiteElo "2593"]
[BlackElo "2616"]

1.e4 c5 2.Nf3 Nc6 3.d4 cxd4 4.Nxd4 Qb6 5.Nb3 Nf6 6.Nc3 e6 7.Qe2 Bb4 8.Bd2 O-O
9.a3 Be7 10.f4 e5 11.Nd5 Qd8 12.O-O-O d6 13.fxe5 Nxd5 14.exd6 Qxd6 15.exd5 Qxd5
16.Be3 Qe5 17.Bc5 Qg5+ 18.Qd2 Rd8 19.Bxe7 Qxe7 20.Bd3 Bf5 21.Rhe1 Ne5 22.Qe3 Nxd3+
23.Rxd3 Qxe3+ 24.Rdxe3 h6 25.c3  1/2-1/2

[Event "9th Ugra Governor's Cup B"]
[Site "Khanty-Mansiysk RUS"]
[Date "2013.12.01"]
[Round "4"]
[White "Okunev,N"]
[Black "Ivanets,V RUS"]
[Result "0-1"]
[WhiteElo "1983"]
[BlackElo "2146"]

1.e4 c5 2.Nf3 Nc6 3.d4 cxd4 4.Nxd4 Qc7 5.Nb5 Qb8 6.Be2 a6 7.Nd4 e6 8.O-O Nf6
9.Nc3 Bc5 10.Nf3 b5 11.a3 O-O 12.Bg5 Be7 13.Qd2 Rd8 14.Rfe1 d6 15.h3 Bb7
16.Rad1 Qc7 17.Bd3 Rac8 18.Qe3 Ne5 19.Nxe5 dxe5 20.Qe2 h6 21.Be3 Bxa3 22.Nxb5 axb5
23.bxa3 Nxe4 24.Bxe4 Bxe4 25.Qxb5 Rxd1 26.Rxd1 Bc6 27.Qb6 Qxb6 28.Bxb6 Ba4
29.Re1 Rc6 30.Ba5 Rxc2 31.Bb4 f6 32.f3 g5  0-1

[Event "TCh-NED Meesterklasse 2013-14"]
[Site "Netherland NED"]
[Date "2013.12.07"]
[Round "3.7"]
[White "Zwirs,Nico"]
[Black "Okkes,M"]
[Result "1-0"]
[WhiteElo "2255"]
[BlackElo "2354"]

1.e4 c5 2.Nf3 Nc6 3.d4 cxd4 4.Nxd4 Qc7 5.Nc3 e6 6.g3 a6 7.Bg2 Nf6 8.O-O h5
9.Nxc6 dxc6 10.Qe2 e5 11.Bg5 Bc5 12.a4 a5 13.Nd1 Be6 14.Ne3 Ng4 15.Nf5 f6
16.Bd2 g6 17.Nh4 g5 18.Nf5 O-O-O 19.h3 Nh6 20.Be3 Nxf5 21.exf5 Bxe3 22.fxe6 Bb6
23.Be4 Kb8 24.c3 h4 25.g4 Rd6 26.Bf5 Rhd8 27.Rad1 Bc5 28.Kg2 Qe7 29.Qc2 Rd5
30.Rxd5 cxd5 31.Qb3 d4 32.Rd1 Ka7 33.Qb5 Qc7 34.cxd4 Bxd4 35.Rc1 Qb6 36.e7 Qxb5
37.exd8=Q Qb4 38.Rc8  1-0

[Event "IV JAHV McGregor 2013"]
[Site "Bogota COL"]
[Date "2013.12.08"]
[Round "8.75"]
[White "Contreras R,Wilson Mauricio"]
[Black "Guzman Lozano,C"]
[Result "0-1"]
[WhiteElo "1834"]
[BlackElo "2056"]

1.e4 c5 2.Nf3 Nc6 3.d4 cxd4 4.Nxd4 Qb6 5.Nb3 Nf6 6.Nc3 e6 7.Be2 Bb4 8.f3 d5
9.Bd2 dxe4 10.Nxe4 Nxe4 11.fxe4 O-O 12.c3 Be7 13.Qc2 a5 14.a4 Bd7 15.Bb5 Rac8
16.O-O-O Nb4 17.Qb1 Bxb5 18.axb5 a4 19.Na1 Qxb5 20.Nc2 Nd3+  0-1

[Event "5th Penang Open 2013"]
[Site "George Town MAS"]
[Date "2013.12.10"]
[Round "2.45"]
[White "Ng,Shi Yang"]
[Black "Ooi,Zhi Yang"]
[Result "0-1"]
[WhiteElo "1612"]
[BlackElo "1803"]

1.e4 c5 2.Nf3 Nc6 3.d4 cxd4 4.Nxd4 Qb6 5.Nb3 Nf6 6.Nc3 e6 7.Be3 Qc7 8.Be2 Bb4
9.f3 d5 10.exd5 Nxd5 11.Bd2 Nxc3 12.Bxc3 Bxc3+ 13.bxc3 O-O 14.O-O e5 15.Qd2 Qb6+
16.Kh1 Rd8 17.Qe1 Bf5 18.Rc1 Rd7 19.Qf2 Qxf2 20.Rxf2 Kf8 21.g4 Bg6 22.Kg2 Ke7
23.Kg3 Rad8 24.h4 h5 25.Kh3 b6 26.a4 a5 27.Kg3 Rc7 28.f4 exf4+ 29.Kxf4 hxg4
30.Bxg4 f5 31.Re2+ Kf6 32.Bf3 Ne7 33.Rce1 Bf7 34.Re3 Ng6+ 35.Kg3 f4+ 36.Kh3 fxe3
37.Rxe3 Bxb3 38.cxb3 Rh8 39.h5 Ne5 40.Be2 g6  0-1

[Event "Pavlodar Open 2013"]
[Site "Pavlodar KAZ"]
[Date "2013.12.10"]
[Round "1.25"]
[White "Zhandildinov,Arnur"]
[Black "Kazakov,K"]
[Result "0-1"]
[WhiteElo "1853"]
[BlackElo "2339"]

1.e4 c5 2.Nf3 Nc6 3.d4 cxd4 4.Nxd4 Qb6 5.Nb3 Nf6 6.Nc3 e6 7.Bd3 a6 8.O-O Qc7
9.f4 d6 10.Qf3 Be7 11.Bd2 O-O 12.Rae1 Re8 13.Qh3 e5 14.f5 Nb4 15.g4 h6 16.Kh1 d5
17.Qg3 b5 18.g5 hxg5 19.Bxg5 Nh5 20.Qh4 Nf4 21.Qg3 Bxg5 22.Qxg5 f6 23.Qg3 Bb7
24.a3 dxe4 25.Nxe4 Nbxd3 26.cxd3 Rad8 27.Re3 Rxd3 28.Rxd3 Bxe4+ 29.Rdf3 Rd8
30.Kg1 Ne2+  0-1

[Event "5th Penang Open 2013"]
[Site "George Town MAS"]
[Date "2013.12.11"]
[Round "4.37"]
[White "Chuah,Hao Feng"]
[Black "Ooi,Zhi Yang"]
[Result "1/2-1/2"]
[WhiteElo "1685"]
[BlackElo "1803"]

1.e4 c5 2.Nf3 Nc6 3.d4 cxd4 4.Nxd4 Qb6 5.Nb3 Nf6 6.Nc3 e6 7.Bd3 a6 8.O-O d6
9.Be3 Qc7 10.f4 b5 11.Qf3 Bb7 12.Rae1 Nb4 13.a3 Nxd3 14.cxd3 Be7 15.Rc1 Qd7
16.g4 Kf8 17.g5 Ne8 18.Na5 Rc8 19.Nxb7 Qxb7 20.Qh3 Nc7 21.f5 Ke8 22.fxe6 fxe6
23.g6 Bf6 24.Qh5 Ke7 25.gxh7 b4 26.Qg6 Rcf8 27.axb4 Qxb4 28.Bg5 Ne8 29.Rc2 Qc5+
30.Rcf2  1/2-1/2

[Event "St Petersburg Blitz Final 2013"]
[Site "St Petersburg RUS"]
[Date "2013.12.22"]
[Round "3.2"]
[White "Novik,Ma"]
[Black "Alekseev,Evgeny"]
[Result "0-1"]
[WhiteElo "2467"]
[BlackElo "2698"]

1.Nf3 c5 2.e4 Nc6 3.d4 cxd4 4.Nxd4 Qb6 5.Nb3 Nf6 6.Nc3 e6 7.a3 d6 8.Bd3 Be7
9.O-O O-O 10.Kh1 Qc7 11.f4 a6 12.Bd2 b5 13.Qe2 Bb7 14.Rae1 b4 15.Nd1 a5 16.a4 Nd7
17.Ne3 Rfe8 18.Qh5 Bf8 19.Qh3 g6 20.Ng4 h5 21.Ne3 Bg7 22.Bc4 Nf6 23.Bd3 Rad8
24.g4 Ne7 25.g5 Nxe4 26.Bxe4 Bxe4+ 27.Kg1 Nf5 28.Nxf5 Bxf5 29.Qg2 Bxb2 30.Be3 Bg7
31.Nd4 Rc8 32.Nxf5 exf5 33.Bf2 Qxc2 34.Qd5 b3 35.Qb5 Rxe1 36.Rxe1 b2 37.Qb7 Qc1
38.Kg2 Qxe1 39.Bxe1 Rc1 40.Qb8+ Kh7 41.Qb7 b1=Q  0-1

[Event "Chinese Teams 2013"]
[Site "Tianjin CHN"]
[Date "2013.12.23"]
[Round "21.5"]
[White "Qiu,Mengjie"]
[Black "Lei Tingjie"]
[Result "0-1"]
[WhiteElo "2117"]
[BlackElo "2327"]

1.e4 c5 2.Nf3 Nc6 3.d4 cxd4 4.Nxd4 Qc7 5.Nc3 e6 6.Be2 a6 7.O-O Nf6 8.Be3 Be7
9.f4 d6 10.Kh1 O-O 11.Qe1 Nxd4 12.Bxd4 b5 13.a3 Bb7 14.Qg3 Rad8 15.Rae1 Rd7
16.Bd3 Re8 17.e5 dxe5 18.Bxe5 Qd8 19.Ne4 Nh5 20.Qg4 Nf6 21.Qg3 Nh5 22.Qg4 Nf6
23.Qg3 Nh5 24.Qg4 g6 25.f5 exf5 26.Rxf5 Rxd3 27.Rxh5 Bc8 28.Rxh7 Kxh7 29.Qf4 f6
30.Bc7 Rd1 31.Qh4+ Kg7 32.Bxd8 Rxe1+ 33.Qxe1 Bxd8 34.Qb4 a5 35.Qd4 Bf5 36.h3 Bxe4
37.Qd7+ Kf8 38.Qxb5 Re5 39.Qb8 Ke8 40.Kg1 Bxc2 41.b4 axb4 42.axb4 Bd3 43.Qd6 Bb5
44.Qd4 Be7 45.Qh4 g5 46.Qh5+ Kd8 47.h4 gxh4 48.Qxh4 Bc6 49.Qd4+ Ke8 50.Qc4 Kd7
51.Qd4+ Kc7 52.Kf2 Rb5 53.Qa7+ Rb7 54.Qa5+ Kb8 55.Qa6 Bd7 56.Qc4 Rxb4 57.Qf7 Bc5+
58.Ke1 Re4+ 59.Kd2 f5 60.Qg8+ Kc7 61.Qg3+ Kc6 62.Qg6+ Re6 63.Qg8 Re8 64.Qc4 Re6
65.Qa6+ Kc7 66.Qa5+ Bb6 67.Qc3+ Rc6 68.Qg3+ Kb7 69.Qe5 Rc5 70.Qe7 Kc7 71.Kd3 Rd5+
72.Kc2 Bc5 73.Qf7 Re5 74.Kd2 Re4 75.Kc3 Kc6 76.Qg6+ Re6 77.Qg8 Re7 78.Qa8+ Kd6
79.Qa6+ Kc7 80.Kd2 Re4 81.Qa5+ Bb6 82.Qc3+ Kb7 83.Qg7 Rd4+ 84.Kc2 Ka6 85.Qe7 f4
86.Kc3 Bb5 87.Qa3+ Ra4 88.Qf8 Bc6 89.Qc8+ Kb5 90.Qf5+ Bc5 91.Qd3+ Kb6 92.Qg6 Re4
93.Kd2 Kb5 94.Qg5 Kc4 95.Qg8+ Bd5 96.Qc8 Rd4+ 97.Kc2 Be4+ 98.Kb2 Rd2+ 99.Kc1 Rxg2
100.Qa6+ Kd4 101.Qf6+ Kd3 102.Qa6+ Ke3 103.Qa5 Rg1+ 104.Kb2 Bd4+ 105.Kb3 Rb1+
106.Kc4 Bd3+  0-1

[Event "Cracovia Open A 2013-14"]
[Site "Krakow POL"]
[Date "2014.01.04"]
[Round "9.9"]
[White "Nasuta,G"]
[Black "Cukrowski,F"]
[Result "1/2-1/2"]
[WhiteElo "2331"]
[BlackElo "2215"]

1.e4 c5 2.Nf3 Nc6 3.d4 cxd4 4.Nxd4 Qb6 5.Nb3 Nf6 6.Nc3 e6 7.Bd3 a6 8.O-O d6
9.a4 Qc7 10.a5 Bd7 11.Be3 Rc8 12.Bb6 Qb8 13.Qe2 Be7 14.f4 O-O 15.Rae1 e5
16.f5 Nb4 17.Nd2 Bc6 18.Nc4 Rfe8 19.Ne3 d5 20.exd5 Bxd5  1/2-1/2